000 00730nam a22002177a 4500
005 20100731161621.0
010 _aENG-97238
020 _a9789380096292
_c750.00
035 _aEN-80771
037 _bDBAD/PUB
082 _a332.1
245 _aBanking Development /
_cedited by V Sundaram
260 _aNew Delhi
_bAlfa Publications
_c2009
270 _a4398/5Ansari road Daryaganj
_bNew Delhi
_e110002
300 _a292p
_c21cm(Hb)
500 _aincludes index
650 _adevelopment banks
_93696
700 _aSundaram,V
_93658
942 _2ddc
_cEN
_h332.1
_mBAN
999 _c38487
_d38487